000 00753cam a22002654a 4500
001 13205889
005 20180216044012.0
008 030520s2004 paua b 001 0 eng
010 _a 2003054516
020 _a0781741475
035 _a(DNLM)101180421
040 _aDNLM/DLC
_cDLC
_dDLC
041 _aeng
042 _apcc
060 1 0 _a615.7
_bW786b 2003
080 _a615.7
082 0 0 _a615.7 WIN
_221
100 1 _a5
101 _aSHF
245 1 0 _aBasic clinical pharmacokinetics /
_cMichael E. Winter.
504 _aIncludes bibliographical references and index.
906 _a7
_bcbc
_corignew
_d1
_eocip
_f20
_gy-gencatlg
942 _2ddc
_cBK
999 _c42764
_d42764